50 größte Agglomerationen, die mit B beginnen - Statistiken

Allgemein
  • Dieses Quiz wurde 52 mal gespielt
  • Das Durchschnittsergebnis liegt bei 28 aus 50
Antwortstatistiken
Einwohner Agglomeration Staat % Korrekt
18.000 Bangkok Thailand
100%
16.500 Buenos Aires Argentinien
100%
4.500 Berlin Deutschland
98%
2.200 Budapest Ungarn
98%
2.100 Bukarest Rumänien
98%
4.200 Barcelona Spanien
95%
950 Barcelona Venezuela
95%
11.000 Bogota Kolumbien
95%
2.000 Brüssel Belgien
95%
2.800 Birmingham Vereinigtes Königreich
93%
7.500 Bagdad Irak
91%
3.800 Brasilia Brasilien
91%
3.600 Brisbane Australien
91%
3.500 Baku Aserbaidschan
89%
1.300 Belgrad Serbien
89%
1.000 Bordeaux Frankreich
86%
1.700 Beirut Libanon
82%
4.800 Boston USA
77%
4.500 Bamako Mali
75%
12.000 Bangalore Indien
75%
4.900 Belo Horizonte Brasilien
75%
3.300 Busan Süd-Korea
75%
1.400 Bischkek Kirgistan
73%
2.400 Brazzaville Rep. Kongo
68%
8.500 Bandung Indonesien
64%
2.150 Belem Brasilien
57%
1.500 Bangui ZAR
52%
2.100 Barranquilla Kolumbien
52%
2.400 Bursa Türkei
45%
2.400 Bhopal Indien
36%
1.600 Bujumbura Burundi
36%
2.000 Basra Irak
32%
2.450 Baltimore USA
30%
2.000 Benin City Nigeria
30%
1.200 Bucaramanga Kolumbien
23%
1.400 Barquisimeto Venezuela
20%
1.400 Batam Indonesien
20%
1.200 Benguela Angola
20%
1.400 Bhilai Indien
20%
1.400 Bandar Lampung Indonesien
18%
2.500 Baoding China [Hebei]
18%
1.100 Baoji China [Shaanxi]
18%
2.200 Baotou China [Innere Mongolei]
18%
1.000 Blantyre Malawi
18%
1.300 Bareilly Indien
16%
1.800 Bengbu China [Anhui]
16%
1.050 Bhubaneswar Indien
14%
950 Buffalo USA
9%
1.000 Bozhou China [Anhui]
7%
1.300 Bobo-Dioulassu Burkina-Faso
2%
Keine übereinstimmenden Quizze gefunden
Verteilung der Resultate
Anzahl Personen mit jedem Resultat
Perzentil nach korrekt beantworteten Fragen
Ihre Resultats-Entwicklung
Sie haben dieses Quiz noch nicht gespielt